000 00564nam a2200193Ia 4500
008 240510s9999 xx 000 0 und d
020 _a0003540620044
041 _aEng
082 _a006.35
082 _bF61
100 _aFranz, Alexander
245 0 _aAutomatic Ambiguity resolution in natural language processing:An empirical approach :Lecture notes in artificial intelligence
260 _bSpringer: Tokyo
260 _c1996
300 _a154 p.
650 _anatural language processing : artificial intelligence
942 _2ddc
942 _cLBK
999 _c27547
_d27547
945 _a1
_bMadushi Gamage
_c1
_dMadushi Gamage